[Event "Peterborough 4NCL Easter U2000 op"]
[Site "Peterborough"]
[Date "2024.03.31"]
[Round "4"]
[White "Dunkley, Michael"]
[Black "Lawrence, Simon"]
[Result "1/2-1/2"]
[WhiteElo "1842"]
[BlackElo "1731"]
[PlyCount "57"]
[EventDate "2024.03.29"]
[EventType "swiss"]
[EventRounds "7"]
[EventCountry "ENG"]
[SourceTitle "CB14_2024"]
[SourceDate "2024.04.01"]
[SourceVersion "1"]
[SourceVersionDate "2024.04.01"]
[SourceQuality "1"]

1. e4 e6 2. c3 d5 3. e5 c5 4. d4 Nc6 5. Nf3 cxd4 6. cxd4 Qb6 7. Be2 Nh6 8. Bxh6 Qxb2 9. Nbd2 gxh6 10. Qc1 Qxc1+ 11. Rxc1 Bb4 12. Bb5 Bd7 13. Ke2 Ke7 14. Rb1 Bxd2 15. Kxd2 Rhg8 16. g3 Rac8 17. Bxc6 Bxc6 18. Rhc1 b6 19. Rc3 Bb7 20. Ra3 Ra8 21. Ne1 Rgc8 22. Nc2 Rc6 23. Ne3 a6 24. f4 Rac8 25. f5 exf5 26. Nxf5+ Kf8 27. Nd6 R8c7 28. Rf1 Bc8 29. Nxc8 1/2-1/2

[Event "Daventry 4NCL op-B 30th"]
[Site "Daventry"]
[Date "2023.06.18"]
[Round "5"]
[White "Tart, Peter K"]
[Black "Dunkley, Michael"]
[Result "1-0"]
[WhiteElo "1968"]
[BlackElo "1868"]
[PlyCount "49"]
[EventDate "2023.06.16"]
[EventType "swiss"]
[EventRounds "5"]
[EventCountry "ENG"]
[SourceTitle "CBM 215 Extra"]
[Source "ChessBase"]
[SourceDate "2023.09.30"]
[SourceVersion "1"]
[SourceVersionDate "2023.09.30"]
[SourceQuality "1"]

1. e4 d6 2. d4 Nf6 3. Nc3 e5 4. dxe5 dxe5 5. Qxd8+ Kxd8 6. Bc4 Be6 7. Bxe6 fxe6 8. Be3 Bd6 9. f3 Nc6 10. 0-0-0 Ke7 11. h4 h6 12. Nh3 a6 13. Nf2 Nh5 14. Nd3 b6 15. Ne2 Raf8 16. c4 Nf4 17. Nexf4 exf4 18. Bf2 Be5 19. Nxe5 Nxe5 20. Bd4 Kf6 21. h5 Rd8 22. Bc3 b5 23. b3 b4 24. Ba1 Rd6 25. g3 1-0

[Event "South Normanton 4NCL op-B 23rd"]
[Site "South Normanton"]
[Date "2019.10.06"]
[Round "4"]
[White "Spanton, Timothy"]
[Black "Dunkley, Michael"]
[Result "1-0"]
[WhiteElo "1900"]
[BlackElo "1732"]
[PlyCount "90"]
[EventDate "2019.10.04"]
[EventType "swiss"]
[EventRounds "5"]
[EventCountry "ENG"]
[SourceTitle "CBM 193 Extra"]
[Source "ChessBase"]
[SourceDate "2020.01.31"]
[SourceVersion "1"]
[SourceVersionDate "2020.01.31"]
[SourceQuality "1"]

1. e4 e6 2. d4 d5 3. exd5 exd5 4. Nf3 Bd6 5. Bd3 Nc6 6. 0-0 Nge7 7. Re1 0-0 8. c3 Bf5 9. Nh4 Bxd3 10. Qxd3 Qd7 11. Nd2 Qg4 12. Ndf3 h6 13. h3 Qd7 14. Ne5 Bxe5 15. dxe5 g5 16. Nf3 Qf5 17. Qxf5 Nxf5 18. g4 Ng7 19. Nd4 Nxd4 20. cxd4 Ne6 21. Be3 a5 22. Kg2 Kg7 23. h4 b6 24. Rac1 a4 25. Rh1 Rg8 26. hxg5 hxg5 27. Kg3 Ra5 28. Rhd1 Rb5 29. Rd2 Rh8 30. f4 gxf4+ 31. Bxf4 Rb4 32. Be3 Rb5 33. Rf1 Rh7 34. Rf6 Rb4 35. g5 Nf8 36. Rc2 c5 37. dxc5 d4 38. Bd2 d3 39. Rc3 Rxb2 40. c6 Rxd2 41. c7 Rhh2 42. c8Q Ne6 43. Rxf7+ Kxf7 44. g6+ Kxg6 45. Qxe6+ Kg5 1-0

[Event "South Normanton 4NCL op-B 23rd"]
[Site "South Normanton"]
[Date "2019.10.05"]
[Round "2"]
[White "Dewangan, Aayush"]
[Black "Dunkley, Michael"]
[Result "0-1"]
[WhiteElo "1440"]
[BlackElo "1732"]
[PlyCount "164"]
[EventDate "2019.10.04"]
[EventType "swiss"]
[EventRounds "5"]
[EventCountry "ENG"]
[SourceTitle "CBM 193 Extra"]
[Source "ChessBase"]
[SourceDate "2020.01.31"]
[SourceVersion "1"]
[SourceVersionDate "2020.01.31"]
[SourceQuality "1"]

1. e4 e6 2. d4 d5 3. Nd2 c5 4. c3 cxd4 5. cxd4 dxe4 6. Nxe4 Bb4+ 7. Nc3 Nf6 8. Qa4+ Nc6 9. Bb5 Bd7 10. Nge2 Qa5 11. a3 Qxa4 12. Bxa4 Bxc3+ 13. bxc3 Na5 14. Bxd7+ Kxd7 15. Ng3 Rac8 16. Bd2 Nd5 17. Ne4 b6 18. Rc1 Rc4 19. Ng5 f6 20. Ne4 Rhc8 21. g4 h6 22. Rc2 Nb3 23. Rg1 Nxd4 24. cxd4 Rxc2 25. Ke2 Ra2 26. Rg3 Ke7 27. h4 Rc4 28. Kd3 Rcc2 29. Bb4+ Nxb4+ 30. axb4 f5 31. Nc3 Rd2+ 32. Kc4 f4 33. Rg1 Rac2 34. Kb3 Rxf2 35. Re1 Rb2+ 36. Kc4 Rbc2 37. Kb3 Kd7 38. Ne4 Rb2+ 39. Kc4 Rg2 40. g5 f3 41. Rf1 Rbe2 42. Kd3 Rb2 43. Rxf3 Rb3+ 44. Nc3 hxg5 45. Kc4 Rbb2 46. hxg5 Rxg5 47. Rf7+ Ke8 48. Rxa7 Rc2 49. Kb3 Rc1 50. Ne4 Rd5 51. Rxg7 Rxd4 52. Nf6+ Kf8 53. Rb7 Rb1+ 54. Kc3 Rbxb4 55. Rxb6 Rxb6 56. Kxd4 Rb5 57. Ke4 Ke7 58. Ng8+ Kf7 59. Nh6+ Kg6 60. Ng4 Rb4+ 61. Kf3 Kf5 62. Ne3+ Ke5 63. Nd1 Rb3+ 64. Ke2 Kd4 65. Kd2 e5 66. Ke2 e4 67. Kf2 Rh3 68. Kg2 Rf3 69. Nb2 Kc3 70. Nd1+ Kd2 71. Nb2 Rf8 72. Nc4+ Ke2 73. Nd6 e3 74. Nc4 Kd3 75. Nxe3 Kxe3 76. Kg1 Rf3 77. Kg2 Ke2 78. Kg1 Rf2 79. Kh1 Kf3 80. Kg1 Rd2 81. Kh1 Kg3 82. Kg1 Rd1# 0-1

[Event "Stevenage 4NCL Easter op U1825"]
[Site "Stevenage"]
[Date "2019.04.21"]
[Round "5.3"]
[White "Dunkley, Michael"]
[Black "Gill, Gursharanjit S"]
[Result "0-1"]
[WhiteElo "1777"]
[BlackElo "1520"]
[PlyCount "94"]
[EventDate "2019.04.19"]
[EventType "swiss"]
[EventRounds "7"]
[EventCountry "ENG"]
[SourceTitle "EXT 2023"]
[Source "ChessBase"]
[SourceDate "2022.10.05"]
[SourceVersion "1"]
[SourceVersionDate "2022.10.05"]
[SourceQuality "1"]

1. e4 e6 2. d4 d5 3. Nc3 Bb4 4. Bd3 c5 5. a3 cxd4 6. axb4 dxc3 7. Qe2 Nf6 8. e5 cxb2 9. Bxb2 Nfd7 10. Qg4 g6 11. Nf3 Nc6 12. b5 Ne7 13. 0-0 Nc5 14. Bc1 Nxd3 15. cxd3 Nf5 16. Bg5 h5 17. Qb4 Qd7 18. Bf6 Rg8 19. b6 Ne7 20. Nd4 Nc6 21. Qa4 a6 22. Nb5 Rb8 23. Nc7+ Kf8 24. Qa3+ Ne7 25. Rfc1 Qd8 26. d4 Bd7 27. Qe3 g5 28. Bxg5 Nf5 29. Qd2 Qxg5 30. Qxg5 Rxg5 31. Rd1 Ke7 32. Ra3 Rbg8 33. g3 h4 34. Kf1 hxg3 35. hxg3 Rg4 36. Rad3 Rh8 37. Ke2 Rh2 38. Kf3 Re4 39. g4 Rh3+ 40. Kg2 Rxd3 41. Rxd3 Rxg4+ 42. Kf3 Rxd4 43. Rb3 a5 44. Nb5 Bxb5 45. Rxb5 a4 46. Rc5 Rc4 47. Ra5 Nd4+ 0-1

[Event "Doncaster 4NCL op-B 18th"]
[Site "Doncaster"]
[Date "2018.04.14"]
[Round "3.18"]
[White "Dunkley, Michael"]
[Black "Mahoney, Nicholas"]
[Result "1/2-1/2"]
[WhiteElo "1713"]
[BlackElo "1707"]
[PlyCount "74"]
[EventDate "2018.04.13"]
[EventType "swiss"]
[EventRounds "5"]
[EventCountry "ENG"]
[SourceTitle "EXT 2023"]
[Source "ChessBase"]
[SourceDate "2022.10.05"]
[SourceVersion "1"]
[SourceVersionDate "2022.10.05"]
[SourceQuality "1"]

1. e4 e5 2. Bc4 Nc6 3. Nf3 Bc5 4. c3 Nf6 5. d4 exd4 6. cxd4 Bb4+ 7. Bd2 Bxd2+ 8. Nbxd2 0-0 9. d5 Ne7 10. 0-0 d6 11. h3 Ng6 12. Nd4 Ne5 13. Re1 Nxc4 14. Nxc4 Re8 15. Qf3 Nd7 16. Rad1 Ne5 17. Nxe5 dxe5 18. Nb3 Qd6 19. Qc3 Bd7 20. Nc5 Rab8 21. Rc1 c6 22. Nxd7 Qxd7 23. dxc6 Qxc6 24. Qxc6 bxc6 25. b3 Rb6 26. Red1 Ra6 27. Rc2 Kf8 28. Kf1 f6 29. Ke2 Ke7 30. Rcd2 Kf7 31. Kd3 Rd8+ 32. Kc4 Rxd2 33. Rxd2 Ke7 34. Kc5 Rb6 35. Rd3 g6 36. a4 h5 37. b4 Rb8 1/2-1/2

[Event "Harrogate 4NCL op-B 12th"]
[Site "Harrogate"]
[Date "2017.01.08"]
[Round "5"]
[White "Corcoran, Gary"]
[Black "Dunkley, Michael"]
[Result "0-1"]
[WhiteElo "1836"]
[BlackElo "1798"]
[PlyCount "35"]
[EventDate "2017.01.06"]
[EventType "swiss"]
[EventRounds "5"]
[EventCountry "ENG"]
[SourceTitle "CBM 176 Extra"]
[Source "ChessBase"]
[SourceDate "2017.03.02"]
[SourceVersion "1"]
[SourceVersionDate "2017.03.02"]
[SourceQuality "1"]

1. e4 e6 2. d4 d5 3. exd5 exd5 4. c4 Nf6 5. Nc3 Bb4 6. Bd3 0-0 7. Nge2 Re8 8. 0-0 Nc6 9. Bg5 dxc4 10. Bxc4 h6 11. Bf4 Bd6 12. Qd3 Bxf4 13. Nxf4 Qxd4 14. Bxf7+ Kxf7 15. Qg6+ Kf8 16. Nce2 Qe5 17. Qg3 Bf5 18. Nc3 0-1

[Event "Wakefield 4NCL op-B 8th"]
[Site "Wakefield"]
[Date "2016.04.02"]
[Round "3"]
[White "Taylor, Robert P"]
[Black "Dunkley, Michael"]
[Result "1-0"]
[WhiteElo "1907"]
[BlackElo "1781"]
[PlyCount "77"]
[EventDate "2016.04.01"]
[EventType "swiss"]
[EventRounds "5"]
[EventCountry "ENG"]
[SourceTitle "CBM 171 Extra"]
[Source "ChessBase"]
[SourceDate "2016.04.26"]
[SourceVersion "1"]
[SourceVersionDate "2016.04.26"]
[SourceQuality "1"]

1. d4 d5 2. Bg5 h6 3. Bh4 c6 4. Nc3 Bf5 5. e3 Nd7 6. Bd3 Bxd3 7. Qxd3 Ngf6 8. Nf3 e6 9. 0-0 Be7 10. Rfe1 0-0 11. e4 dxe4 12. Nxe4 Nxe4 13. Bxe7 Qxe7 14. Rxe4 Nf6 15. Re2 Rfd8 16. Rae1 Rac8 17. Qe3 c5 18. c3 Qd6 19. dxc5 Qxc5 20. Nd4 Qc4 21. a3 a6 22. h3 Nd7 23. g4 Nc5 24. g5 Qd3 25. gxh6 Qg6+ 26. Kh2 Qxh6 27. Qf3 b5 28. Re5 Na4 29. Rg1 g6 30. Reg5 Re8 31. Qb7 Rc5 32. Qd7 Rf8 33. Qe7 Rxg5 34. Rxg5 Nxb2 35. Nf3 Qg7 36. Ne5 Rc8 37. Nxg6 Kh7 38. Ne5 Qf8 39. Qf6 1-0

[Event "Crawley e2e4 Gatwick op U1950"]
[Site "Crawley"]
[Date "2016.02.20"]
[Round "3"]
[White "Foley, Phil T"]
[Black "Dunkley, Michael"]
[Result "1-0"]
[WhiteElo "1643"]
[BlackElo "1884"]
[PlyCount "61"]
[EventDate "2016.02.19"]
[EventType "swiss"]
[EventRounds "5"]
[EventCountry "ENG"]
[SourceTitle "EXT 2019"]
[Source "ChessBase"]
[SourceDate "2018.10.10"]
[SourceVersion "1"]
[SourceVersionDate "2018.10.10"]
[SourceQuality "1"]

1. e4 e6 2. d4 d5 3. Nc3 Bb4 4. e5 Ne7 5. a3 Bxc3+ 6. bxc3 c5 7. Nf3 Qa5 8. Bd2 Nbc6 9. Be2 Bd7 10. 0-0 Qc7 11. Bf4 c4 12. Qd2 h6 13. h3 g5 14. Bh2 Ng6 15. Ne1 0-0-0 16. f4 gxf4 17. Bxf4 Nxf4 18. Rxf4 Rdf8 19. Rf6 Nxe5 20. dxe5 Qxe5 21. Rf2 Rhg8 22. Qd4 Qb8 23. Nf3 f6 24. Rd1 Bc6 25. Qc5 e5 26. Rxd5 Qc7 27. Rd6 Rf7 28. Rxc6 Qxc6 29. Qxc6+ bxc6 30. Bxc4 Rgf8 31. Bxf7 1-0

[Event "Birmingham 4NCL op-B 7th"]
[Site "Birmingham"]
[Date "2016.01.30"]
[Round "2"]
[White "Dunkley, Michael"]
[Black "Tinker, Chris R"]
[Result "1/2-1/2"]
[WhiteElo "1884"]
[BlackElo "1757"]
[PlyCount "100"]
[EventDate "2016.01.29"]
[EventType "swiss"]
[EventRounds "5"]
[EventCountry "ENG"]
[SourceTitle "CBM 170 Extra"]
[Source "ChessBase"]
[SourceDate "2016.02.25"]
[SourceVersion "1"]
[SourceVersionDate "2016.02.25"]
[SourceQuality "1"]

1. d4 Nf6 2. Nf3 e6 3. e3 c5 4. Bd3 d5 5. b3 Nc6 6. 0-0 Bd6 7. Bb2 Qc7 8. c4 b6 9. Nc3 a6 10. Rc1 cxd4 11. exd4 0-0 12. Re1 Bb7 13. cxd5 exd5 14. Ne5 Rac8 15. f4 Qd8 16. Bb1 Nxd4 17. Kh1 Ne6 18. Rf1 d4 19. Ne2 Rxc1 20. Bxc1 Bc5 21. Ng3 Qa8 22. Qe2 Rd8 23. Ng4 d3 24. Nxf6+ gxf6 25. Qd2 Ng7 26. Bb2 Rd6 27. f5 a5 28. Rf4 Bb4 29. Rxb4 axb4 30. Qf4 Bxg2+ 31. Kg1 Bh3 32. Ne4 Rc6 33. Bxd3 Qd8 34. Qg3 Bxf5 35. Nxf6+ Rxf6 36. Bxf6 Qxf6 37. Qb8+ Ne8 38. Qxe8+ Kg7 39. Bxf5 Qxf5 40. Qe2 Kg6 41. Qa6 Qc5+ 42. Kf1 f5 43. Qb7 h6 44. Qg2+ Kf6 45. Qd2 Kg6 46. Qg2+ Kf6 47. Qd2 Qb5+ 48. Kg1 Qc5+ 49. Kf1 Kg6 50. Qg2+ Kf6 1/2-1/2